| 000 | 00843nam a2200277Ia 4500 | ||
|---|---|---|---|
| 003 | OSt | ||
| 005 | 20260211115807.0 | ||
| 008 | 210210b2010 xxu||||| |||| 00| 0 eng d | ||
| 040 | _cAL | ||
| 041 | _aKannada | ||
| 082 | _a927.8K SUMS | ||
| 100 |
_aSUMANGALA _dಸುಮಂಗಲಾ _9254445 |
||
| 245 |
_aSarod mantrika pandit Rajiva Taranatha: jivana raga _bಸರೋದ್ ಮಾಂತ್ರಿಕ ಪಂಡಿತ್ ರಾಜೀವ ತಾರಾನಾಥ: ಜೀವನ ರಾಗ |
||
| 260 |
_aBengaLuru _bAnkita Pustaka _c2010 |
||
| 300 | _a352 | ||
| 650 |
_aTArAnAtha: _9254446 |
||
| 650 |
_aSarOd _9254447 |
||
| 650 |
_aRAjIva _9254448 |
||
| 650 |
_arAga _9254449 |
||
| 650 |
_apanDit _9254450 |
||
| 650 |
_amAntrika _9254451 |
||
| 650 |
_ajIvana _9254452 |
||
| 690 |
_aBiography _9254453 |
||
| 906 | _a065204 | ||
| 942 |
_2ddc _cBK |
||
| 999 |
_c142659 _d142659 |
||